| 000 | 00343nam a2200133Ia 4500 | ||
|---|---|---|---|
| 008 | 220217s9999||||xx |||||||||||||| ||und|| | ||
| 020 | _a81-203-0636-8 | ||
| 082 | _a512 DAT | ||
| 100 | _aDatta K B | ||
| 245 | 0 | _aMatrix and linear alzebra | |
| 260 |
_aPrentice hall of india _bNew Delhi _c2000 |
||
| 300 | _b225 | ||
| 650 | _aMATHEMATICS | ||
| 999 |
_c166180 _d166180 |
||